000 00697nam a2200193Ia 4500
008 151121s9999||||xx |||||||||||||| ||und||
082 _a818/हरका
082 _bHNW-115769
100 _aहरकारे अरुणा
245 _aमुंबई पोलिसांची शान
260 _b"कुलस्वामिनी प्रकाशन, डोंबिवली"
260 _c2014
300 _a232
600 _aहरकारे अरुणा
630 _aमुंबई पोलिसांची शान
700 _aहरकारे अरुणा
730 _aमुंबई पोलिसांची शान
942 _cBOOK
999 _c1264470
_d1264467